Stratégia sociálno-ekonomického rozvoja regiónu Dunajská Streda bakalárska práca

Salvato in:
Dettagli Bibliografici
Autore principale: Lábodiová, Réka
Ente Autore: Obchodná fakulta EU. Katedra marketingu
Altri autori: Kollár, Patrícia
Natura: Libro
Lingua:slovacco
Pubblicazione: Bratislava 2019
Tags: Aggiungi Tag
Nessun Tag, puoi essere il primo ad aggiungerne!!

MARC

LEADER 00000nbm a2200000 4500
001 0257891
005 20191001091635.9
041 0 |a slo 
044 |a SK 
245 1 0 |a Stratégia sociálno-ekonomického rozvoja regiónu Dunajská Streda  |b bakalárska práca  |c Réka Lábodiová ; školiteľ: Patrícia Kollár 
264 1 |a Bratislava  |c 2019 
300 |a 56 s. 
100 1 |a Lábodiová, Réka 
700 1 |a Kollár, Patrícia 
710 2 |a Obchodná fakulta EU. Katedra marketingu